Countries by Clue II Quiz Stats

Quiz Updated Dec 16, 2013

Also try: Countries By Clue
Challenge
Share
Tweet
Embed
Score 0/17 Timer 09:00
2 Plays Today
Can you name the country that... Country % Correct
...shares its name with a US state?Georgia
87.5%
...has the consecutive letters 'bw' in its name?Zimbabwe
75.7%
...has 'Sofia' as the capital?Bulgaria
75%
...borders only Saudi Arabia and Iraq?Kuwait
69.1%
...contains the word 'shall'?Marshall Islands
68.4%
...has the second largest number of billionaires, after the USA?China
68.4%
...borders South Sudan, Ethiopia, Somalia, Tanzania and UgandaKenya
64.9%
...has the consecutive letters 'ei' in the name? (2)Liechtenstein/Brunei
63.7%
...is the first country, alphabetically?Afghanistan
60.6%
Can you name the country that... Country % Correct
...is seven letters and contains three 'u's?Uruguay
46.9%
...has a capital containing the consecutive letters 'kh'? (2)Sweden (Stockholm)/Sudan(Khartoum)
43.5%
...has a capital that starts with a unique* letter? (4)Pakistan/Croatia/Mongolia/Ecuador
36.8%
...has the highest non-Asian mountain?Argentina
36%
...contains a 'z,' and borders six countries, four of which contain a 'z'?Mozambique
34.7%
...has a flag depicting a trident on a yellow and blue background?Barbados
29.8%
...has a flag that is red with a green five-pointed star on it?Morocco
29.3%
...has the consecutive letters 'ssa'?Guinea-Bissau
18%

You're not logged in!

Compare scores with friends on all Sporcle quizzes.
Join for Free
OR
Log In

You Might Also Like...

Show Comments

Extras

Top Quizzes Today


Score Distribution

Your Account Isn't Verified!

In order to create a playlist on Sporcle, you need to verify the email address you used during registration. Go to your Sporcle Settings to finish the process.

Report this User

Report this user for behavior that violates our Community Guidelines.

Details: